书目信息 |
| 题名: |
城脉
|
|
| 作者: | 朱正伦 , 李小燕 著 | |
| 分册: | ||
| 出版信息: | 北京 北京大学出版社 2011.08 |
|
| 页数: | 201页 | |
| 开本: | 23cm | |
| 丛书名: | ||
| 单 册: | ||
| 中图分类: | K921-64 , K928.71-64 | |
| 科图分类: | ||
| 主题词: | 古城--北京市--图解 , 古建筑--北京市--图解 , 古城 , 古建筑 | |
| 电子资源: | ||
| ISBN: | 978-7-301-19355-6 | |
| 000 | 01109nam0 2200301 450 | |
| 001 | 010020002789 | |
| 005 | 20120626100751.68 | |
| 010 | @a978-7-301-19355-6@dCNY35.00 | |
| 100 | @a20111019d2011 em y0chiy50 ea | |
| 101 | 0 | @achi |
| 102 | @aCN@b110000 | |
| 105 | @aak z 000yy | |
| 106 | @ar | |
| 200 | 1 | @a城脉@9cheng mai@e图解北京古城古建@f朱正伦,李小燕著 |
| 210 | @a北京@c北京大学出版社@d2011.08 | |
| 215 | @a201页@d23cm | |
| 330 | @a本书是北京一位历史学老教授20多年历史考证和亲自探访的心血结晶,章节间汇集了大量翔实的历史资料、图片、手绘图。本书从宏观上使读者了解古城北京的城墙城门、城池水道、街巷胡同、四合院民居及牌楼的概况,从微观上使读者了解其规制、形状、结构、作用、优势等欣赏的标准与尺度,内涵与品位。 | |
| 517 | 1 | @a图解北京古城古建@9tu jie bei jing gu cheng gu jian |
| 606 | 0 | @a古城@y北京市@j图解 |
| 606 | 0 | @a古建筑@y北京市@j图解 |
| 606 | 0 | @a古城 |
| 606 | 0 | @a古建筑 |
| 690 | @aK921-64@v4 | |
| 690 | @aK928.71-64@v4 | |
| 701 | 0 | @a朱正伦@9zhu zheng lun@4著 |
| 701 | 0 | @a李小燕@9li xiao yan@4著 |
| 801 | 0 | @aCN@bRENTIAN@c20111019 |
| 905 | @b540634-38@dK921-64@e589@f5 | |
| 城脉:图解北京古城古建/朱正伦,李小燕著.-北京:北京大学出版社,2011.08 |
| 201页;23cm |
| ISBN 978-7-301-19355-6:CNY35.00 |
| 本书是北京一位历史学老教授20多年历史考证和亲自探访的心血结晶,章节间汇集了大量翔实的历史资料、图片、手绘图。本书从宏观上使读者了解古城北京的城墙城门、城池水道、街巷胡同、四合院民居及牌楼的概况,从微观上使读者了解其规制、形状、结构、作用、优势等欣赏的标准与尺度,内涵与品位。 |
| ● |
| 相关链接 |
|
|
|
|
正题名:城脉
索取号:K921-64/589
 
预约/预借
| 序号 | 登录号 | 条形码 | 馆藏地/架位号 | 状态 | 备注 |
| 1 | 540634 | 205406345 | 第二样本阅览室/ [索取号:K921-64/589] | 在馆 | |
| 2 | 540635 | 205406354 | 第二借阅区/ [索取号:K921-64/589] | 在馆 | |
| 3 | 540636 | 205406363 | 第二借阅区/ [索取号:K921-64/589] | 在馆 | |
| 4 | 540637 | 205406372 | 第二借阅区/ [索取号:K921-64/589] | 在馆 | |
| 5 | 540638 | 205406381 | 密集书库-史法系/ [索取号:K921-64/589] | 在馆 |